Девушка из предместья : (Record no. 511282)
[ view plain ]
| 000 -LEADER | |
|---|---|
| fixed length control field | 00853nam a22002297a 4500 |
| 003 - CONTROL NUMBER IDENTIFIER | |
| control field | AM-YEHGA |
| 001 - CONTROL NUMBER | |
| control field | 1361759 |
| 005 - DATE AND TIME OF LATEST TRANSACTION | |
| control field | 20250617163706.0 |
| 008 - FIXED-LENGTH DATA ELEMENTS--GENERAL INFORMATION | |
| fixed length control field | 180514s1961 un a||||r|||||000|||rus|| |
| 040 ## - CATALOGING SOURCE | |
| Original cataloging agency | AM-YeHGA |
| 041 1# - LANGUAGE CODE | |
| Language code of text/sound track or separate title | rus |
| Language code of original | ukr |
| 090 ## - LOCALLY ASSIGNED LC-TYPE CALL NUMBER (OCLC); LOCAL CALL NUMBER (RLIN) | |
| -- | 514765 |
| 100 1# - MAIN ENTRY--PERSONAL NAME | |
| Personal name | Петльованный, Виталий Иванович |
| 245 10 - TITLE STATEMENT | |
| Title | Девушка из предместья : |
| Remainder of title | Роман / |
| Statement of responsibility, etc. | В. Петльованный ; [Пер. с укр. И. Динкевича]. |
| 260 ## - PUBLICATION, DISTRIBUTION, ETC. | |
| Place of publication, distribution, etc. | Киев : |
| Name of publisher, distributor, etc. | Рад. письменник, |
| Date of publication, distribution, etc. | 1961. |
| 300 ## - PHYSICAL DESCRIPTION | |
| Extent | 392 с. : |
| Other physical details | ил. ; |
| Dimensions | 21 см. |
| 650 14 - SUBJECT ADDED ENTRY--TOPICAL TERM | |
| Topical term or geographic name entry element | Художественная литература |
| Geographic subdivision | Украина |
| 650 14 - SUBJECT ADDED ENTRY--TOPICAL TERM | |
| Topical term or geographic name entry element | Украинская литература |
| 653 0# - INDEX TERM--UNCONTROLLED | |
| Uncontrolled term | Семья в СССР (х. л.) |
| 700 1# - ADDED ENTRY--PERSONAL NAME | |
| Personal name | Динкевич, И. |
| Relator term | пер. |
| Relationship | trl |
| 942 ## - ADDED ENTRY ELEMENTS (KOHA) | |
| Source of classification or shelving scheme | Universal Decimal Classification |
| Koha item type | Գրքեր / Books |
| Withdrawn status | Lost status | Source of classification or shelving scheme | Damaged status | Not for loan | Collection | Home library | Current library | Date acquired | Total checkouts | Full call number | Barcode | Date last seen | Price effective from | Koha item type | Public note |
|---|---|---|---|---|---|---|---|---|---|---|---|---|---|---|---|
| Universal Decimal Classification | General | Fundamental Scientific Library | Fundamental Scientific Library | 29/06/2021 | РII/54741 | FL0651754 | 29/06/2021 | 29/06/2021 | Գրքեր / Books | 30 Days Loan |
ՀՀ Գիտությունների ազգային ակադեմիայի հիմնարար գիտական գրադարան = Fundamental Scientific Library of NAS RA
All site content, except where otherwise noted, is licensed under a